000 01448nam a2200337Ia 4500
001 ebr10180159
003 CaPaEBR
006 m u
007 cr cn|||||||||
008 060517s2007 pau sb s001 0 eng d
010 _z 2006015935
020 _z1592135714
020 _z1592135692 (hardcover : alk. paper)
020 _z1592135706 (pbk. : alk. paper)
040 _aCaPaEBR
_cCaPaEBR
035 _a(OCoLC)568211977
050 1 4 _aJK2498
_b.A33 2007eb
100 1 _aAdams, Brian E.,
_d1973-
245 1 0 _aCitizen lobbyists
_h[electronic resource] :
_blocal efforts to influence public policy /
_cBrian E. Adams.
260 _aPhiladelphia :
_bTemple University Press,
_c2007.
300 _a235 p.
504 _aIncludes bibliographical references (p. [219]-228) and index.
533 _aElectronic reproduction.
_bPalo Alto, Calif. :
_cebrary,
_d2009.
_nAvailable via World Wide Web.
_nAccess may be limited to ebrary affiliated libraries.
650 0 _aLobbying
_zUnited States
_xStates
_xCitizen participation.
650 0 _aLocal government
_zUnited States.
650 0 _aLobbying
_zCalifornia
_zSanta Ana
_xCitizen participation
_vCase studies.
651 0 _aSanta Ana (Calif.)
_xPolitics and government
_vCase studies.
655 7 _aElectronic books.
_2local
710 2 _aebrary, Inc.
856 4 0 _uhttp://site.ebrary.com/lib/rucke/Doc?id=10180159
_zAn electronic book accessible through the World Wide Web; click to view
999 _c239755
_d239755